Dataset Open Access

(Data set) Revisiting the symmetry and optical phonons of altermagnetic alpha-MnTe

Uykur, Ece; Goncalves-Faria, Marcos V.; Rößler, Sahana; Ginga, Victoria A.; Schmidt, Marcus; Winnerl, Stephan; Helm, Manfred; Tsirlin, Alexander A.


MARC21 XML Export

<?xml version='1.0' encoding='UTF-8'?>
<record xmlns="http://www.loc.gov/MARC21/slim">
  <leader>00000nmm##2200000uu#4500</leader>
  <datafield tag="773" ind1=" " ind2=" ">
    <subfield code="a">https://www.hzdr.de/publications/Publ-43327</subfield>
    <subfield code="i">isIdenticalTo</subfield>
    <subfield code="n">url</subfield>
  </datafield>
  <datafield tag="773" ind1=" " ind2=" ">
    <subfield code="a">https://www.hzdr.de/publications/Publ-43328</subfield>
    <subfield code="i">isReferencedBy</subfield>
    <subfield code="n">url</subfield>
  </datafield>
  <datafield tag="773" ind1=" " ind2=" ">
    <subfield code="a">10.14278/rodare.4635</subfield>
    <subfield code="i">isVersionOf</subfield>
    <subfield code="n">doi</subfield>
  </datafield>
  <datafield tag="700" ind1=" " ind2=" ">
    <subfield code="a">Goncalves-Faria, Marcos V.</subfield>
    <subfield code="u">HZDR</subfield>
  </datafield>
  <datafield tag="700" ind1=" " ind2=" ">
    <subfield code="a">Rößler, Sahana</subfield>
    <subfield code="u">Uni. Leipzig</subfield>
  </datafield>
  <datafield tag="700" ind1=" " ind2=" ">
    <subfield code="a">Ginga, Victoria A.</subfield>
    <subfield code="u">Uni Leipzig</subfield>
  </datafield>
  <datafield tag="700" ind1=" " ind2=" ">
    <subfield code="a">Schmidt, Marcus</subfield>
    <subfield code="u">MPI-cpfs</subfield>
  </datafield>
  <datafield tag="700" ind1=" " ind2=" ">
    <subfield code="a">Winnerl, Stephan</subfield>
    <subfield code="u">HZDR</subfield>
  </datafield>
  <datafield tag="700" ind1=" " ind2=" ">
    <subfield code="a">Helm, Manfred</subfield>
    <subfield code="u">HZDR</subfield>
  </datafield>
  <datafield tag="700" ind1=" " ind2=" ">
    <subfield code="a">Tsirlin, Alexander A.</subfield>
    <subfield code="u">Uni. Leipzig</subfield>
  </datafield>
  <controlfield tag="005">20260430101441.0</controlfield>
  <controlfield tag="001">4636</controlfield>
  <datafield tag="540" ind1=" " ind2=" ">
    <subfield code="u">https://creativecommons.org/licenses/by/4.0/legalcode</subfield>
    <subfield code="a">Creative Commons Attribution 4.0 International</subfield>
  </datafield>
  <datafield tag="980" ind1=" " ind2=" ">
    <subfield code="a">dataset</subfield>
  </datafield>
  <datafield tag="856" ind1="4" ind2=" ">
    <subfield code="s">1431</subfield>
    <subfield code="u">https://rodare.hzdr.de/record/4636/files/Fig1.dat</subfield>
    <subfield code="z">md5:abca05f271cb7aa163f1b89c71d57aff</subfield>
  </datafield>
  <datafield tag="856" ind1="4" ind2=" ">
    <subfield code="s">5547244</subfield>
    <subfield code="u">https://rodare.hzdr.de/record/4636/files/Fig2-7.opju</subfield>
    <subfield code="z">md5:f7d522aff04f11a69fe8e0e36662e53b</subfield>
  </datafield>
  <datafield tag="856" ind1="4" ind2=" ">
    <subfield code="s">82562</subfield>
    <subfield code="u">https://rodare.hzdr.de/record/4636/files/phonon-MnTe2.zip</subfield>
    <subfield code="z">md5:3309f0e281c541e65471100d8a5f949a</subfield>
  </datafield>
  <datafield tag="856" ind1="4" ind2=" ">
    <subfield code="s">25435</subfield>
    <subfield code="u">https://rodare.hzdr.de/record/4636/files/phonon-MnTe.zip</subfield>
    <subfield code="z">md5:f691a1c2c66f05c698dba305833fa772</subfield>
  </datafield>
  <datafield tag="856" ind1="4" ind2=" ">
    <subfield code="s">16747764</subfield>
    <subfield code="u">https://rodare.hzdr.de/record/4636/files/XRD-data_MnTe.zip</subfield>
    <subfield code="z">md5:fd2e961d348cc402e8563b10ff969c94</subfield>
  </datafield>
  <datafield tag="856" ind1="4" ind2=" ">
    <subfield code="s">66629214</subfield>
    <subfield code="u">https://rodare.hzdr.de/record/4636/files/XRD-refinements_MnTe.zip</subfield>
    <subfield code="z">md5:a44b128c25d504ddb0579556d3f4d682</subfield>
  </datafield>
  <datafield tag="520" ind1=" " ind2=" ">
    <subfield code="a">&lt;p&gt;1) Data set of the figures in main text &amp;nbsp;- .dat format and Originlab format&amp;nbsp;(Origin Viewer can be used to open these&amp;nbsp;files).&lt;/p&gt;

&lt;p&gt;2) Phonon calculations&lt;/p&gt;</subfield>
  </datafield>
  <datafield tag="909" ind1="C" ind2="O">
    <subfield code="o">oai:rodare.hzdr.de:4636</subfield>
    <subfield code="p">openaire_data</subfield>
    <subfield code="p">user-rodare</subfield>
  </datafield>
  <datafield tag="100" ind1=" " ind2=" ">
    <subfield code="a">Uykur, Ece</subfield>
    <subfield code="u">HZDR</subfield>
    <subfield code="0">(orcid)0000-0001-7253-4579</subfield>
  </datafield>
  <datafield tag="024" ind1=" " ind2=" ">
    <subfield code="a">10.14278/rodare.4636</subfield>
    <subfield code="2">doi</subfield>
  </datafield>
  <datafield tag="245" ind1=" " ind2=" ">
    <subfield code="a">(Data set) Revisiting the symmetry and optical phonons of altermagnetic alpha-MnTe</subfield>
  </datafield>
  <datafield tag="650" ind1="1" ind2="7">
    <subfield code="a">cc-by</subfield>
    <subfield code="2">opendefinition.org</subfield>
  </datafield>
  <datafield tag="542" ind1=" " ind2=" ">
    <subfield code="l">open</subfield>
  </datafield>
  <datafield tag="980" ind1=" " ind2=" ">
    <subfield code="a">user-rodare</subfield>
  </datafield>
  <datafield tag="260" ind1=" " ind2=" ">
    <subfield code="c">2026-04-30</subfield>
  </datafield>
</record>
65
23
views
downloads
All versions This version
Views 6565
Downloads 2323
Data volume 211.4 MB211.4 MB
Unique views 6363
Unique downloads 2323

Share

Cite as